TREE flora of Sabah and Sarawak; volume 4

Bibliographic Details
Corporate Authors: Institut Penyelidikan Perhutanan Malaysia (FRIM), Malaysia
Other Authors: Chung, Saw, SOEPADMO
Format: Book
Published: Kuala Lumpur; Sandakan; Kuching : Institut Penyelidikan Perhutanan Malaysia; Sabah Forestry Department; Sarawak Forestry Department , 2002
Subjects:

MARC

LEADER 00000cam a2200000 7i4500
001 0000002023
005 20020812.0
020 0 0 |a 9832181275 
090 0 0 |a R581.095952   |b TRE 2002 
245 0 0 |a TREE flora of Sabah and Sarawak; volume 4   |c edited by E. Soepadmo, L. G. Saw and R. C. K. Chung 
260 0 0 |a Kuala Lumpur; Sandakan; Kuching :   |b Institut Penyelidikan Perhutanan Malaysia; Sabah Forestry Department; Sarawak Forestry Department ,   |c 2002 
300 |a xii, 388 p. :   |b ill. ;   |c 26 cm. 
500 0 0 |a Includes index 
650 0 0 |a Botany   |x Classification 
650 0 0 |a Botany   |z Sabah 
650 0 0 |a Botany   |z Sarawak 
650 0 0 |a Plant   |x Identification 
700 0 1 |a Chung   |h R. C. K. 
700 0 1 |a Saw   |h L. G. 
700 0 1 |a SOEPADMO   |h E. 
710 1 1 |a Institut Penyelidikan Perhutanan Malaysia (FRIM) 
710 1 1 |a Malaysia ,   |c Sabah Forestry Department 
710 1 1 |a Malaysia ,   |c Sarawak Forestry Department 
998 |a JPSM 
999 |a 0000003391   |b Monograph   |c Reference   |e Default branch